000 00824nam a22002417a 4500
008 081212t xxu||||| |||| 00| 0beng d
010 _aENG-98113
020 _c150.00
_a9788174734372
035 _aEN-81646
037 _bDBAD / PUB
040 _adpl
_bEnglish
082 _a340.03
100 _93724
_aJain, Navin Chand
245 _aDictionary of law /
_cby Navin Chand Jain
260 _aDelhi
_bA.I.T.B.S. Publishers
_c2009
270 _aJ-5/6, Krishan Nagar,
_bDelhi
_e110051
300 _ax, 345p.
_c23cm (pbk)
600 _aBaba Visakha Singh
_xBiography.
_93725
650 _aLaw
_96086
700 _94917
942 _2ddc
_cEN
_mJAI
_h340.03
999 _c39314
_d39314